000 00453nam a2200193Ia 4500
003 0100
008 130303s9999 xx 000 0 und d
040 _cARRUPELIB
050 _aBX4651.3.M27 2006
100 _aMartin, James
245 _aMy life with the Saints
260 _aChicago
260 _bLoyola Press
260 _C2006
300 _a414p.
300 _b 23 cm
650 _bAfrica literature-French-collections
942 _2lcc
_02
999 _c63808
_d63808